01265nam a2200277 a 450000100060000000300080000600500170001400800410003103500190007203500110009104000320010204100080013408200260014210000290016824503360019726000280053330000340056150400500059565100430064565100410068870000260072983000510075594200120080699900170081895201520083570215BD-RjUL20211209081957.0170416s1960 ne b 001 0 eng d a(BD-RjUL)70429 a621161 aANLbengcANLdVDUdBD-RjUL aeng 223a910.954bAHI 19600 aAhmad, S Maqbul 920794610aIndia and the neighbouring territories in the Kitab nuzhat al-Musht aq fi'Khtiraq al-'afaq of al-Sharif al-Idrisi :ba translation, with commentary, of the passages relating to India, Pakistan, Ceylon, parts of Afghanistan, and the Andaman, Nicobar, and Maldive Islands, etc. /cby S. Maqbul Ahmad ; with a foreword by V. Minorsky. aLeiden :bBrill,c1960. axii, 182 p. :bill. ;c24 cm. aIncludes bibliographical references and index 0aIndiaxDescription and travel.9207948 0aIndiaxHistorical geography.91622660 aMinorsky, V. 9207949 aPublication of the De Goeje Fund ;v209207975 2ddccBK c70215d70215 00102ddc40718NFICaRUCLbRUCLcReadingd1967-04-01ePak. american councilg37.50l0o910.954 AHI 1960r2017-04-16 00:00:00tC-1w2021-12-09yBK